Telefonický marketing Poradce pro úspěšnou telekomunikaci
Telefonický marketing (telemarketing) v podniku. Kontakt so zákazníkom prostredníctvom telefonických objednávok. Zavedenie telefonického marketingu v podniku. Plán zavedenia telefonického marketingu. Praktická pracovná pomoc špeciálne pre telefonickú službu.
Guardado en:
| Formato: | Capítulo de libro |
|---|---|
| Lenguaje: | checo |
| Materias: | |
| Etiquetas: |
Sin Etiquetas, Sea el primero en etiquetar este registro!
|
MARC
| LEADER | 00000naa a2200000 4500 | ||
|---|---|---|---|
| 001 | r015190 | ||
| 005 | 20221213090221.5 | ||
| 041 | 0 | |a cze | |
| 044 | |a SK | ||
| 245 | 1 | 0 | |a Telefonický marketing |b Poradce pro úspěšnou telekomunikaci |
| 520 | |a Telefonický marketing (telemarketing) v podniku. Kontakt so zákazníkom prostredníctvom telefonických objednávok. Zavedenie telefonického marketingu v podniku. Plán zavedenia telefonického marketingu. Praktická pracovná pomoc špeciálne pre telefonickú službu. | ||
| 610 | 2 | 0 | |a telemarketing |
| 610 | 2 | 0 | |a komunikácia |
| 610 | 2 | 0 | |a telefón |
| 610 | 2 | 0 | |a zákazníci |
| 610 | 2 | 0 | |a objednávky |
| 610 | 2 | 0 | |a podnik |